Les plus gros transferts du football - Nés en 1983 - Statistiques

Statistiques générales
  • Ce quiz a été pris 56 fois
  • Le résultat moyen est 5 sur 10
Statistiques - réponses
Montant de transfert (M €) Saison Nationalité Venant de Allant à Joueur % Correct
30,70 2012-2013 Pays-Bas Arsenal Manchester United Robin van Persie
88%
30,00 2010-2011 Côte d'Ivoire Barcelone Manchester City Yaya Touré
88%
30,00 2007-2008 France Marseille Bayern Munich Franck Ribéry
86%
35,50 2008-2009 Brèsil FC Sevilla Barcellone Dani Alves
84%
30,00 2007-2008 Portugal FC Porto Real Madrid Pepe
67%
24,00 2009-2010 Argentine FC Porto Olympique Lyonnais Lisandro López
61%
24,60 2008-2009 Portugal FC Porto Inter Ricardo Quaresma
29%
27,00 2008-2009 Pays-Bas Ajax Real Madrid Klaas-Jan Huntelaar
16%
30,00 2008-2009 Portugal Dinamo Moscou Zenit S-Pb Danny
6%
25,00 2009-2010 Brèsil Fiorentina Juventus Turin Felipe Melo
4%
Aucun quiz correspondant
Distribution des résultats
% des personnes avec chaque résultat
Percentile par nombre de réponses
Votre historique - résultats
Vous n’avez pas pris ce quiz